| 000 | 00356nam a2200133Ia 4500 | ||
|---|---|---|---|
| 008 | 240521s2006 xx 000 0 und d | ||
| 020 | _a3-931884-25-2 | ||
| 041 | _aeng | ||
| 082 | _a363.1703 | ||
| 100 | _aGREENBERG M.I. | ||
| 245 | _aTERRORIST, NATURAL AND MAN MADE DISASTERS | ||
| 260 |
_bJONES AND BARTLETT PUBLICATION LONDON _c2006 |
||
| 300 | _a295 | ||
| 999 |
_c1160942 _d1160942 |
||